Flooding and historic buildings (Record no. 110875)

MARC details
000 -LEADER
fixed length control field 01156cad a22002415a 4500
001 - CONTROL NUMBER
control field E150449
008 - FIXED-LENGTH DATA ELEMENTS--GENERAL INFORMATION
fixed length control field 100715s2010 xxk 000 0 eng u
035 ## - SYSTEM CONTROL NUMBER
System control number (Sirsi) u150449
041 ## - LANGUAGE CODE
Language code of text/sound track or separate title eng
050 ## - LIBRARY OF CONGRESS CALL NUMBER
Classification number 690.241 $2 18
110 ## - MAIN ENTRY--CORPORATE NAME
Corporate name or jurisdiction name as entry element English Heritage
9 (RLIN) 2714
245 ## - TITLE STATEMENT
Title Flooding and historic buildings
Medium [electronic resource]
250 ## - EDITION STATEMENT
Edition statement 2nd ed.
260 ## - PUBLICATION, DISTRIBUTION, ETC.
Place of publication, distribution, etc. London
Name of publisher, distributor, etc. English Heritage
Date of publication, distribution, etc. 2010
490 ## - SERIES STATEMENT
Series statement English Heritage Technical Advice Note
520 ## - SUMMARY, ETC.
Summary, etc. Provides guidance for householders and small businesses on how to deal with floods in historic buildings. Looks at establishing flood risk, preparing for a flood, dealing with a flood, and minimising the damage after a flood. Covers issues such as insurance and monitoring long-term effects. Includes sources of further information.
520 ## - SUMMARY, ETC.
Summary, etc. Supersedes the first edition (J126004).
590 ## - LOCAL NOTE (RLIN)
Local note KA
651 #4 - SUBJECT ADDED ENTRY--GEOGRAPHIC NAME
Geographic name England
Chronological subdivision 886-
690 ## - LOCAL SUBJECT ADDED ENTRY--TOPICAL TERM (OCLC, RLIN)
Topical term or geographic name as entry element BUILT ENVIRONMENT-BUILDING MAINTENANCE AND REFURBISHMENT-BUILDING CONSERVATION
856 40 - ELECTRONIC LOCATION AND ACCESS
Uniform Resource Identifier <a href="https://www.helm.org.uk/upload/pdf/Acc_Flooding_Guidance.pdf?1275994624">https://www.helm.org.uk/upload/pdf/Acc_Flooding_Guidance.pdf?1275994624</a>
Public note View the guidance free of charge at www.helm.org.uk
942 ## - ADDED ENTRY ELEMENTS (KOHA)
Suppress in OPAC 0
Holdings
Withdrawn status Lost status Source of classification or shelving scheme Damaged status Not for loan Home library Current library Shelving location Date acquired Total Checkouts Full call number Barcode Date last seen Copy number Price effective from Koha item type
    Dewey Decimal Classification     Virtual Virtual Online 15/07/2010   ONLINE PUBLICATION 150449-2001 06/08/2019 1 06/08/2019 Book